[Event "ESP-ch U18 Rapid"]
[Site "Salobrena"]
[Date "2022.08.06"]
[Round "2"]
[White "Mangues Rubia, Alex"]
[Black "Garrido Outon, Alex"]
[Result "0-1"]
[WhiteElo "1647"]
[BlackElo "1999"]
[PlyCount "118"]
[EventDate "2022.08.06"]
[EventType "swiss (rapid)"]
[EventRounds "9"]
[EventCountry "ESP"]
[SourceTitle "EXT 2023"]
[Source "ChessBase"]
[SourceDate "2022.10.05"]
[SourceVersion "1"]
[SourceVersionDate "2022.10.05"]
[SourceQuality "1"]

1. d4 Nf6 2. c4 g6 3. Nc3 Bg7 4. e4 d6 5. Nf3 0-0 6. Be2 e5 7. d5 a5 8. Bg5 h6 9. Be3 Ng4 10. Bd2 f5 11. h3 Nf6 12. exf5 gxf5 13. Qc1 f4 14. g3 e4 15. Nh4 e3 16. fxe3 fxg3 17. Ng6 Re8 18. Rg1 Na6 19. a3 Nc5 20. Qc2 Nfe4 21. Nxe4 Bf5 22. Nf4 Bxe4 23. Nd3 Qg5 24. 0-0-0 Ra6 25. Bc3 Qxe3+ 26. Kb1 Bxc3 27. Qxc3 g2 28. Qd2 Qxh3 29. Ka2 Rb6 30. Nf2 Qb3+ 31. Ka1 Qg3 32. Nxe4 Rxe4 33. Qc2 Kh8 34. Bd3 Nxd3 35. Qxd3 Qxd3 36. Rxd3 Re2 37. b3 a4 38. b4 Ra6 39. Rg3 Ra8 40. R3xg2 Rxg2 41. Rxg2 Rg8 42. Re2 h5 43. c5 h4 44. Re4 Rg1+ 45. Kb2 Rg2+ 46. Kb1 Rh2 47. b5 b6 48. cxb6 cxb6 49. Re6 h3 50. Rh6+ Kg7 51. Rh4 Kg6 52. Rh8 Kf5 53. Ka1 Ke5 54. Rh5+ Kd4 55. Kb1 Kc5 56. Rh4 Kxb5 57. Rb4+ Kc5 58. Rxa4 Rg2 59. Rh4 h2 0-1

[Event "Foment Martinenc op-A 22nd"]
[Site "Barcelona"]
[Date "2022.05.21"]
[Round "5"]
[White "Mangues Rubia, Alex"]
[Black "Perez Pastora, Evaristo"]
[Result "0-1"]
[WhiteElo "1897"]
[BlackElo "2071"]
[PlyCount "134"]
[EventDate "2022.04.23"]
[EventType "swiss"]
[EventRounds "9"]
[EventCountry "ESP"]
[SourceTitle "EXT 2023"]
[Source "ChessBase"]
[SourceDate "2022.10.05"]
[SourceVersion "1"]
[SourceVersionDate "2022.10.05"]
[SourceQuality "1"]

1. d4 d5 2. c4 e6 3. Nc3 a6 4. cxd5 exd5 5. Nf3 Nf6 6. Bg5 Be7 7. e3 0-0 8. Qc2 Be6 9. Bd3 Nbd7 10. 0-0 g6 11. Rfd1 Rc8 12. Qe2 Re8 13. Rac1 Nh5 14. Bxe7 Qxe7 15. Bb1 Qf6 16. a3 c6 17. Na4 Bg4 18. Rd2 Nf4 19. Qf1 Nxg2 20. Qxg2 Bxf3 21. Qg3 Re7 22. Bd3 Rce8 23. Nc3 Nf8 24. Be2 Bxe2 25. Nxe2 Ne6 26. Kg2 h5 27. Qf3 Qg5+ 28. Qg3 Qf5 29. Qf3 Qg4+ 30. Qxg4 hxg4 31. Kg3 f5 32. Nf4 Nxf4 33. Kxf4 Rh7 34. Kg3 Kf7 35. Kg2 Rh3 36. Rh1 g5 37. Rf1 Kf6 38. Re2 Reh8 39. Rh1 R3h5 40. Ree1 R8h7 41. Re2 Re7 42. Rhe1 Rh8 43. a4 Rhe8 44. Kg3 Re4 45. f3 f4+ 46. Kf2 gxf3 47. Kxf3 Kf5 48. h3 fxe3 49. Rxe3 Rf4+ 50. Kg3 Rxe3+ 51. Rxe3 Rxd4 52. b3 Rb4 53. Kf3 c5 54. Rc3 c4 55. bxc4 dxc4 56. Ke2 Rxa4 57. Kd2 Ra2+ 58. Kc1 b5 59. Kb1 Rh2 60. Ra3 Kf4 61. Kc1 b4 62. Ra4 a5 63. Rxa5 Rxh3 64. Rc5 Rc3+ 65. Kd2 g4 66. Rb5 Rd3+ 67. Ke2 Rb3 0-1

[Event "ESP-ch U16"]
[Site "Salobrena"]
[Date "2020.08.10"]
[Round "1"]
[White "Aguado Doncel, Pablo Luis"]
[Black "Mangues Rubia, Alex"]
[Result "1-0"]
[WhiteElo "2105"]
[BlackElo "1734"]
[PlyCount "117"]
[EventDate "2020.08.10"]
[EventType "swiss"]
[EventRounds "9"]
[EventCountry "ESP"]
[SourceTitle "EXT 2021"]
[Source "ChessBase"]
[SourceDate "2020.10.23"]
[SourceVersion "1"]
[SourceVersionDate "2020.10.23"]
[SourceQuality "1"]

1. d4 d5 2. c4 c6 3. Nc3 Nf6 4. e3 g6 5. Nf3 Bg7 6. cxd5 cxd5 7. Bd3 0-0 8. 0-0 Nc6 9. a3 Bg4 10. h3 Bxf3 11. Qxf3 e6 12. b4 e5 13. dxe5 Nxe5 14. Qe2 d4 15. exd4 Qxd4 16. Rd1 Nd5 17. Nxd5 Qxa1 18. Bg5 Qxa3 19. Nf6+ Bxf6 20. Bxf6 Nd7 21. Bb2 Qxb4 22. Bc4 Rae8 23. Bxf7+ Kxf7 24. Rxd7+ Re7 25. Rxe7+ Qxe7 26. Qc4+ Qe6 27. Qc7+ Ke8 28. Qb8+ Kf7 29. Qxb7+ Qe7 30. Qd5+ Qe6 31. Qf3+ Kg8 32. Qc3 Kf7 33. Qg7+ Ke8 34. Qxa7 Qe1+ 35. Kh2 Qxf2 36. Qb8+ Kd7 37. Qb7+ Kd8 38. Qd5+ Kc8 39. Be5 Qf7 40. Qc6+ Kd8 41. Bd6 Rg8 42. Qb6+ Kd7 43. Qc7+ Ke6 44. Qc4+ Kf6 45. Be5+ Ke7 46. Qc7+ Ke8 47. Qc8+ Ke7 48. Qc5+ Ke8 49. Bd6 Qd7 50. Qe5+ Kf7 51. Qd5+ Qe6 52. Qb7+ Ke8 53. Qb8+ Kf7 54. Qc7+ Ke8 55. Bb4 Qd7 56. Qe5+ Kf7 57. Qf4+ Ke8 58. Qf6 Qd5 59. Qe7# 1-0

[Event "Foment Martinenc op-C 21st"]
[Site "Barcelona"]
[Date "2019.05.11"]
[Round "3"]
[White "Mangues Rubia, Alex"]
[Black "Garcia Miralles, Eduard"]
[Result "1-0"]
[WhiteElo "1668"]
[BlackElo "1816"]
[PlyCount "37"]
[EventDate "2019.04.27"]
[EventType "swiss"]
[EventRounds "9"]
[EventCountry "ESP"]
[SourceTitle "EXT 2020"]
[Source "ChessBase"]
[SourceDate "2019.10.17"]
[SourceVersion "1"]
[SourceVersionDate "2019.10.17"]
[SourceQuality "1"]

1. d4 e6 2. Bf4 c5 3. c3 Nf6 4. e3 Nc6 5. Nf3 Be7 6. Bd3 d5 7. Nbd2 0-0 8. Ne5 Bd7 9. Qf3 Re8 10. Qh3 a6 11. g4 g6 12. Qg3 cxd4 13. exd4 b5 14. h4 b4 15. h5 bxc3 16. bxc3 Rf8 17. hxg6 fxg6 18. Qh2 Ba3 19. Bxg6 1-0

[Event "Foment Martinenc op-B 20th"]
[Site "Barcelona"]
[Date "2018.05.19"]
[Round "5"]
[White "Gomez Rivera, Judit"]
[Black "Mangues Rubia, Alex"]
[Result "1-0"]
[WhiteElo "1372"]
[BlackElo "1388"]
[PlyCount "93"]
[EventDate "2018.04.21"]
[EventType "swiss"]
[EventRounds "9"]
[EventCountry "ESP"]
[SourceTitle "CBM 184 Extra"]
[Source "ChessBase"]
[SourceDate "2018.06.28"]
[SourceVersion "1"]
[SourceVersionDate "2018.06.28"]
[SourceQuality "1"]

1. e4 c5 2. Nf3 d6 3. d4 cxd4 4. Nxd4 Nf6 5. Nc3 a6 6. Be3 e5 7. Nde2 Be6 8. Qd2 Be7 9. f3 Nbd7 10. Ng3 b5 11. a3 Nb6 12. b3 0-0 13. Be2 d5 14. exd5 Nbxd5 15. Nxd5 Nxd5 16. Bf2 Bf6 17. Ne4 Bh4 18. 0-0 Nf4 19. Qxd8 Raxd8 20. Bxh4 Nxe2+ 21. Kh1 Rc8 22. Ra2 a5 23. Nd6 Rb8 24. Rb2 Rb6 25. Re1 Rxd6 26. Rxe2 g5 27. Bg3 f5 28. Rxe5 Re8 29. h3 f4 30. Rxg5+ Kf7 31. Bxf4 Rd4 32. Be3 Rd1+ 33. Kh2 Bxh3 34. Kxh3 Rxe3 35. Rxb5 a4 36. bxa4 Rxa3 37. Rb7+ Kg6 38. R2b4 h5 39. Rc4 Kg5 40. Rb5+ Kf6 41. Rc6+ Ke7 42. Rb7+ Kd8 43. Ra7 Rd4 44. Rh6 Kc8 45. Rh8+ Rd8 46. Ra8+ Kc7 47. Rhxd8 1-0

[Event "Foment Martinenc op-B 20th"]
[Site "Barcelona"]
[Date "2018.05.12"]
[Round "4"]
[White "Mangues Rubia, Alex"]
[Black "Sanchez Rodriguez, Raul"]
[Result "1/2-1/2"]
[WhiteElo "1388"]
[BlackElo "1266"]
[PlyCount "150"]
[EventDate "2018.04.21"]
[EventType "swiss"]
[EventRounds "9"]
[EventCountry "ESP"]
[SourceTitle "CBM 184 Extra"]
[Source "ChessBase"]
[SourceDate "2018.06.28"]
[SourceVersion "1"]
[SourceVersionDate "2018.06.28"]
[SourceQuality "1"]

1. e4 e5 2. Nf3 Nc6 3. Bc4 Nf6 4. Ng5 d5 5. exd5 Na5 6. Bb5+ c6 7. dxc6 bxc6 8. Qf3 Bd7 9. Ba4 Bd6 10. c3 0-0 11. b4 Bg4 12. Qg3 Nc4 13. Bxc6 e4 14. Qh4 h6 15. Nxe4 Rc8 16. Bb7 Re8 17. d3 Nxe4 18. Qxd8 Rcxd8 19. dxe4 Bxb4 20. f3 Re7 21. cxb4 Rxb7 22. fxg4 Rxb4 23. Nc3 Re8 24. Kf2 Nd6 25. Re1 Re6 26. e5 Nb5 27. Nxb5 Rxb5 28. Bf4 Rb2+ 29. Kf3 g5 30. Bg3 f6 31. a4 Rb3+ 32. Kf2 fxe5 33. Rxe5 Rb2+ 34. Kf1 Rf6+ 35. Rf5 Rfb6 36. Rb5 Rf6+ 37. Rf5 Rfb6 38. a5 Rc6 39. Rd1 Kg7 40. Rd7+ Kg6 41. Rxa7 Rc1+ 42. Be1 Rbb1 43. Ra6+ Kg7 44. Re6 Rb7 45. a6 Ra7 46. Ke2 Rc2+ 47. Kf3 Ra2 48. Bc3+ Kg8 49. Bb4 Kg7 50. Rff6 Rb2 51. Bf8+ Kh7 52. Rxh6+ Kg8 53. Re8 Rf7+ 54. Ke4 Re2+ 55. Kd5 Rxe8 56. Bc5 Rd8+ 57. Kc6 Rc8+ 58. Kb6 Kg7 59. Rd6 Rfc7 60. Bd4+ Kf7 61. Bf6 Rc2 62. a7 Rxg2 63. Kb7 Re8 64. Bd8 Rb2+ 65. Kc7 Ra2 66. Kb8 Rb2+ 67. Kc7 Ra2 68. Kb8 Rb2+ 69. Kc8 Ra2 70. Rd7+ Ke6 71. Rb7 Rc2+ 72. Rc7 Ra2 73. Rh7 Rc2+ 74. Rc7 Ra2 75. Rg7 Rc2+ 1/2-1/2

[Event "Foment Martinenc op-B 19st"]
[Site "Barcelona"]
[Date "2017.06.17"]
[Round "9.13"]
[White "Mangues Rubia, Alex"]
[Black "Aguilo Cervera, Xavier"]
[Result "0-1"]
[WhiteElo "1704"]
[BlackElo "1674"]
[PlyCount "88"]
[EventDate "2017.04.22"]
[EventType "swiss"]
[EventRounds "9"]
[EventCountry "ESP"]
[SourceTitle "EXT 2024"]
[Source "ChessBase"]
[SourceDate "2023.10.10"]
[SourceVersion "1"]
[SourceVersionDate "2023.10.10"]
[SourceQuality "1"]

1. e4 c6 2. d4 d6 3. Nc3 g6 4. Be3 Bg7 5. Qd2 Nf6 6. f3 0-0 7. 0-0-0 Nbd7 8. g4 Qc7 9. h4 e5 10. h5 Nb6 11. dxe5 dxe5 12. Bh6 Qd7 13. Qg5 Qe7 14. Nge2 Bxh6 15. Qxh6 Be6 16. Ng3 Rfd8 17. Bd3 Nfd7 18. Rhg1 g5 19. Nf5 Qf6 20. Qxf6 Nxf6 21. Kb1 Rd7 22. Be2 Rad8 23. Ne3 Rxd1+ 24. Rxd1 Rxd1+ 25. Nexd1 Kf8 26. Nf2 Bc4 27. Bxc4 Nxc4 28. Kc1 Ke7 29. b3 Ne3 30. Kd2 Ng2 31. Nd3 Nd7 32. Ne1 Nxe1 33. Kxe1 Nc5 34. Kd2 h6 35. Ne2 Ne6 36. c3 f6 37. Kd3 Kd6 38. Kc4 a5 39. a4 b6 40. b4 Kd7 41. Ng3 Ng7 42. bxa5 bxa5 43. Kc5 Kc7 44. c4 Ne6# 0-1

[Event "Foment Martinenc op-B 19st"]
[Site "Barcelona"]
[Date "2017.06.10"]
[Round "8.10"]
[White "Mangues Rubia, Alex"]
[Black "Garcia Gil, Jose Antonio"]
[Result "0-1"]
[WhiteElo "1704"]
[BlackElo "1607"]
[PlyCount "72"]
[EventDate "2017.04.22"]
[EventType "swiss"]
[EventRounds "9"]
[EventCountry "ESP"]
[SourceTitle "EXT 2024"]
[Source "ChessBase"]
[SourceDate "2023.10.10"]
[SourceVersion "1"]
[SourceVersionDate "2023.10.10"]
[SourceQuality "1"]

1. e4 c6 2. d4 e6 3. Nc3 Bb4 4. Be3 Nf6 5. f3 d6 6. Qd2 0-0 7. 0-0-0 Qc7 8. Bg5 Nbd7 9. g4 b5 10. h4 Bb7 11. h5 Ne8 12. Be7 Nb6 13. Bxf8 Kxf8 14. a3 Bxc3 15. Qxc3 a5 16. g5 Qe7 17. f4 d5 18. e5 b4 19. axb4 Na4 20. Qd3 Kg8 21. b3 Nb6 22. bxa5 Rxa5 23. Kd2 Ba6 24. Qc3 Nc4+ 25. bxc4 Ra3 26. Qb2 dxc4 27. c3 Rb3 28. Qc2 Bb5 29. Ra1 Qb7 30. Rb1 Ba4 31. Bxc4 Rxb1 32. Qxa4 Nc7 33. Be2 Nd5 34. Bf3 Qb2+ 35. Kd3 Qxc3+ 36. Ke4 Qe3# 0-1